|
|
|
|
| LEADER |
00869nam a2200277 4500 |
| 001 |
DLU090090912 |
| 005 |
##20090526 |
| 040 |
# |
# |
|a DLU
|b vie
|
| 041 |
# |
# |
|a vie
|
| 044 |
# |
# |
|a vn
|
| 100 |
# |
# |
|a Vũ Huy Từ,
|c GS.TS.
|
| 245 |
# |
# |
|a Đào tạo cán bộ, công chức quản lý nghành Giáo dục và đào tạo thực trạng và giải pháp /
|c Vũ Huy Từ.
|
| 653 |
# |
# |
|a Đào tạo cán bộ công chức
|
| 653 |
# |
# |
|a Nghành Giáo dục và đào tạo
|
| 653 |
# |
# |
|a Quản lý
|
| 653 |
# |
# |
|a Thực trạng
|
| 773 |
# |
# |
|t Quản lý nhà nước
|g Số 8, 1998, tr. 11-15
|
| 920 |
# |
# |
|a Phòng Tạp chí -- Trung tâm Thông tin - Thư viện Trường Đại học Đà Lạt
|
| 994 |
# |
# |
|a DLU
|
| 900 |
# |
# |
|a True
|
| 911 |
# |
# |
|a Nguyễn Thị Mai Anh
|
| 925 |
# |
# |
|a G
|
| 926 |
# |
# |
|a A
|
| 927 |
# |
# |
|a BB
|
| 980 |
# |
# |
|a Thư viện Trường Đại học Đà Lạt
|